Transfery Brightonu w letnim okienku transferowym 2020/21. - Statystyki

Ogólne statystyki
  • Ten quiz został rozwiązany 32 razy
    28 od ostatniego zresetowania
  • Średni wynik to 3 z 5
Statystyki odpowiedzi
Cena Pozycja Poprzedni klub Piłkarz % Poprawnych
11,00 mln Środkowy pomocnik Lech Poznań Moder
100%
5,50 mln Lewy obrońca Legia Warszawa Karbownik
88%
Za darmo Ofensywny pomocnik Liverpool Lallana
62%
1 mln Środkowy obrońca Ajax Veltman
58%
2 mln Środkowy obrońca Breda Van Hecke
8%
Nie znaleziono quizów pasujących do podanych kryteriów
Rozkład punktacji
Procent ludzi z każdym wynikiem
Percentyl według liczby udzielonych odpowiedzi
Twoja historia wyników
Nie rozwiązałeś tego quizu od ostatniego zresetowania